Sherlock BBC quotes - Statistics

General Stats
  • This quiz has been taken 1,669 times
  • The average score is 6 of 9
Answer Stats
Hint Answer % Correct
"The name is Sherlock Holmes and the adress is..." 221b Baker Street
96%
"Anderson, don’t talk out loud. You lower the IQ of the whole..." street
77%
"im your landlady not your..." house keeper
75%
"Brain is the new..." sexy
75%
"I dont shave for..." Sherlock Holmes
69%
"But is the solar..." system
65%
"Sherlock is actually a..." girls name
49%
"Nobody could be that..." clever
39%
"Sherlock she loves you!" "Yes, like a i said..." human error
23%
No matching quizzes found
Score Distribution
Percent of People with Each Score
Percentile by Number Answered
Your Score History
You have not taken this quiz